000
00234nam a2200097Ia 4500
008
240331s9999 xx 000 0 und d
082
_a
303.6
_b
MUR
100
_a
Rajan,H. ed
245
0
_a
Murrinda panai :
_b
the broken palmyrah
942
_c
L
999
_c
1248
_d
1248